| 000 | 00845nam a2200265Ia 4500 | ||
|---|---|---|---|
| 003 | OSt | ||
| 005 | 20221007125758.0 | ||
| 006 | a|||||r|||| 00| 0 | ||
| 007 | ta | ||
| 008 | 221006b |||||||| |||| 00| 0 eng d | ||
| 020 | _a1874545693 (pbk) | ||
| 037 |
_b232, 26/03/2007, N R Book Distributors _cTextbook |
||
| 040 |
_aDGL _cDGL _beng |
||
| 041 |
_2eng _aeng |
||
| 082 | _aH23, P5 Carg | ||
| 100 |
_aStow Dorrik A V _9722433 |
||
| 245 | 0 |
_aSedimentary rocks in the field _b a colour guide |
|
| 260 |
_aLondon _bManson Publishing Ltd. _c2005 |
||
| 300 |
_a320p. _ccm. |
||
| 500 | _aReferences 298-300p; Index 301-313p | ||
| 650 |
_a Sedimentary rocks _9722434 |
||
| 650 | _aGeneralia | ||
| 942 |
_hH23, P5 Carg _cTB _2CC |
||
| 999 |
_c1215806 _d1215806 |
||